Loading...
| Fine Arts - Classical Music and Opera | 3 | 6 | 2 | 0 | 95 | 25 | 79.33 | 2 | 8 | 0.00 | 0.00 |
| Fine Arts - Other Arts | 2 | 1 | 1 | 0 | 35 | 51 | 85.00 | 2 | 2 | 0.00 | 0.00 |
| History - World | 0 | 3 | 0 | 0 | 30 | 83 | 100.33 | 1 | 2 | 0.00 | 0.00 |
| History - Ancient | 0 | 3 | 0 | 0 | 30 | 85 | 102.67 | 1 | 2 | 0.00 | 0.00 |
| History - American | 1 | 1 | 0 | 0 | 25 | 26 | 76.00 | 0 | 1 | 0.00 | 0.00 |
| Visual Arts | 0 | 3 | 2 | 0 | 20 | 90 | 102.67 | 0 | 1 | 0.00 | 0.00 |
| History - European | 0 | 2 | 0 | 1 | 20 | 109 | 129.50 | 0 | 1 | 0.00 | 0.00 |
| Literature - British | 0 | 1 | 0 | 0 | 10 | 112 | 112.00 | 0 | 0 | 0.00 | 0.00 |
| Literature - European | 0 | 1 | 0 | 0 | 10 | 126 | 126.00 | 0 | 0 | 0.00 | 0.00 |
| Beliefs | 0 | 1 | 0 | 0 | 10 | 103 | 103.00 | 0 | 1 | 0.00 | 0.00 |
| Philosophy | 0 | 0 | 1 | 0 | -5 | 0.00 | 0 | 0 | 0.00 | 0.00 |